000
00255nam a2200097Ia 4500
001
959247
005
20250826215920.0
008
250824s9999 xx 000 0 und d
245
0
_a
EVRENDE DÜNYA DÜNYADA KONYA
_c
LÜTFİ AYHAN
260
_b
TEBEŞİR YAYINLARI
999
_c
959247
_d
959247